Jurisprudencia del recurso de hecho

I tiakina i:
Ngā taipitopito rārangi puna kōrero
Kaituhi matua: Zavala Ortiz, José Luis (autor)
Ētahi atu kaituhi: Zavala Valenzuela, José Andrés (autor)
Hōputu: Tē mōhiotia
Reo:Ingarihi
I whakaputaina: Santiago, Chile: Libromar 2021
Ngā marau:
Ngā Tūtohu: Tāpirihia he Tūtohu
Kāore He Tūtohu, Me noho koe te mea tuatahi ki te tūtohu i tēnei pūkete!

MARC

LEADER 00000 a2200000 4500
003 CL-VaPUC
005 20220517172025.0
008 220405b2021 ||||| |||| 00| 0 eng d
999 |c 435263  |d 435261 
020 |a 978-956-7890-97-2 
040 |c Pontificia Universidad Católica de Valparaíso 
082 0 4 |2 21  |a 347.05 ZAV 2021 
100 1 |a Zavala Ortiz, José Luis  |9 867939  |e autor 
245 1 0 |a Jurisprudencia del recurso de hecho 
260 |a Santiago, Chile:  |b Libromar  |c 2021 
300 |a 232 páginas 
505 |a ¿Qué resoluciones son apelables y con qué efecto? Civil - Familia - Laboral - Penal - Incidentes - Liquidación concursal - Policía local 
583 |k Catalogador Asistente  |c 20220405 
650 1 |a Recurso de hecho  |x Jurisprudencia  |x Derecho procesal civil  |9 868840 
650 1 |a Derecho procesal civil  |x Procedimiento penal  |9 868841 
650 1 |a Derecho procesal civil  |x Procedimiento laboral  |9 868843 
650 1 |a Derecho procesal civil  |x Juicios  |9 868842 
700 |a Zavala Valenzuela, José Andrés  |e autor  |9 867960 
942 |2 ddc  |c BK 
952 |0 0  |1 0  |2 ddc  |4 0  |6 347_050000000000000_ZAV_2021  |7 0  |8 A  |9 582409  |a BIBDER  |b BIBDER  |c GEN  |d 2022-04-05  |e 22  |g 28999.11  |i 5650636  |o 347.05 ZAV 2021  |p 5650636  |r 2023-01-25  |t 1  |v 28999.11  |w 2022-04-05  |y BK  |k DER